[Event "Reykjavik Congress"]
[Site "Reykjavik"]
[Date "2019.01.20"]
[Round "5"]
[White "Jonsson, Olafur Gisli"]
[Black "Gudmundsson, Thordur"]
[Result "1-0"]
[WhiteElo "1806"]
[BlackElo "1548"]
[PlyCount "63"]
[EventDate "2019.01.06"]
[EventType "swiss"]
[EventRounds "9"]
[EventCountry "ISL"]
[SourceTitle "CBM 188 Extra"]
[Source "ChessBase"]
[SourceDate "2019.02.26"]
[SourceVersion "1"]
[SourceVersionDate "2019.02.26"]
[SourceQuality "1"]

1. e4 e6 2. d4 d5 3. Nd2 Nf6 4. e5 Nfd7 5. Bd3 c5 6. c3 Nc6 7. Ne2 Be7 8. 0-0 0-0 9. Nf3 f6 10. exf6 Nxf6 11. Bf4 cxd4 12. cxd4 Bd7 13. Rc1 Rc8 14. a3 a6 15. Qd2 b5 16. Ng3 Qe8 17. Rfe1 Nh5 18. Nxh5 Qxh5 19. Ne5 Nxe5 20. Bxe5 Bg5 21. f4 Be7 22. Qa5 Ra8 23. Re3 Qf7 24. Rh3 h6 25. Qe1 Bf6 26. Qg3 Kh8 27. Bg6 Qg8 28. Bb1 Bxe5 29. fxe5 Rac8 30. Rd1 b4 31. Qg6 Bb5 32. Rxh6+ 1-0

[Event "Reykjavik Icelandic op"]
[Site "Reykjavik"]
[Date "2018.06.07"]
[Round "8"]
[White "Eliasson, Kristjan Orn"]
[Black "Gudmundsson, Thordur"]
[Result "1-0"]
[WhiteElo "1835"]
[BlackElo "1521"]
[PlyCount "71"]
[EventDate "2018.06.01"]
[EventType "swiss"]
[EventRounds "10"]
[EventCountry "ISL"]
[SourceTitle "CBM 184 Extra"]
[Source "ChessBase"]
[SourceDate "2018.06.28"]
[SourceVersion "1"]
[SourceVersionDate "2018.06.28"]
[SourceQuality "1"]

1. e4 e6 2. d4 d5 3. e5 c5 4. c3 Nc6 5. a3 Bd7 6. Nf3 Nge7 7. dxc5 Ng6 8. b4 Ncxe5 9. Nbd2 Be7 10. Be2 0-0 11. 0-0 Rc8 12. Bb2 Nxf3+ 13. Bxf3 Bf6 14. Qb3 b5 15. Qc2 Ne5 16. Be2 Bc6 17. Rad1 Qe7 18. Nb3 Rfd8 19. Nd4 Nc4 20. Bc1 a6 21. Rfe1 Ba8 22. a4 Qe8 23. axb5 axb5 24. Rd3 g6 25. Rh3 Bg7 26. Bg5 f6 27. Bh6 e5 28. Bxg7 Kxg7 29. Bg4 f5 30. Nxf5+ gxf5 31. Qxf5 Qg6 32. Qxc8 Rxc8 33. Bxc8 Qf6 34. Ra1 Qc6 35. Ra7+ Kg6 36. Ra6 1-0

[Event "Reykjavik Icelandic op"]
[Site "Reykjavik"]
[Date "2018.06.06"]
[Round "7"]
[White "Gudmundsson, Thordur"]
[Black "Baldursson, Haraldur"]
[Result "0-1"]
[WhiteElo "1521"]
[BlackElo "1981"]
[PlyCount "66"]
[EventDate "2018.06.01"]
[EventType "swiss"]
[EventRounds "10"]
[EventCountry "ISL"]
[SourceTitle "CBM 184 Extra"]
[Source "ChessBase"]
[SourceDate "2018.06.28"]
[SourceVersion "1"]
[SourceVersionDate "2018.06.28"]
[SourceQuality "1"]

1. e4 c5 2. Nf3 d6 3. d4 cxd4 4. Nxd4 Nf6 5. Nc3 e6 6. Be2 Be7 7. 0-0 a6 8. f4 Qc7 9. Be3 Nc6 10. Bf3 Na5 11. Rb1 Rb8 12. g4 h6 13. Qe1 Nc4 14. Bf2 b5 15. a3 g5 16. f5 e5 17. Nb3 h5 18. gxh5 g4 19. Bg2 Rxh5 20. Nd2 Nxa3 21. Rc1 Nc4 22. Nxc4 Qxc4 23. Bh4 b4 24. Bxf6 bxc3 25. Bxe7 cxb2 26. Rb1 Kxe7 27. Qd1 Qd4+ 28. Qxd4 exd4 29. Rfd1 Rb4 30. Bf1 a5 31. Rd3 Ba6 32. Rdd1 Bxf1 33. Rxf1 a4 0-1

[Event "Reykjavik Faxaven op"]
[Site "Reykjavik"]
[Date "2018.04.11"]
[Round "4"]
[White "Gudmundsson, Thordur"]
[Black "Ulfljotsson, Jon"]
[Result "1/2-1/2"]
[WhiteElo "1503"]
[BlackElo "1710"]
[PlyCount "44"]
[EventDate "2018.03.21"]
[EventType "swiss"]
[EventRounds "7"]
[EventCountry "ISL"]
[SourceTitle "EXT 2019"]
[Source "ChessBase"]
[SourceDate "2018.10.10"]
[SourceVersion "1"]
[SourceVersionDate "2018.10.10"]
[SourceQuality "1"]

1. e4 c5 2. Nf3 d6 3. d4 cxd4 4. Nxd4 Nf6 5. Nc3 a6 6. Be3 b5 7. a3 e6 8. Be2 Be7 9. 0-0 0-0 10. f4 Qc7 11. Qe1 Bb7 12. Bf3 Nbd7 13. Nb3 Nc5 14. Nxc5 dxc5 15. e5 Nd5 16. Nxd5 Bxd5 17. Qg3 Rfd8 18. Rfd1 Bxf3 19. Qxf3 Rxd1+ 20. Rxd1 Rd8 21. Rxd8+ Qxd8 22. h3 Qc8 1/2-1/2

[Event "Reykjavik Faxaven op"]
[Site "Reykjavik"]
[Date "2018.03.28"]
[Round "2"]
[White "Gardarsson, Halldor"]
[Black "Gudmundsson, Thordur"]
[Result "1-0"]
[WhiteElo "1793"]
[BlackElo "1503"]
[PlyCount "125"]
[EventDate "2018.03.21"]
[EventType "swiss"]
[EventRounds "7"]
[EventCountry "ISL"]
[SourceTitle "EXT 2019"]
[Source "ChessBase"]
[SourceDate "2018.10.10"]
[SourceVersion "1"]
[SourceVersionDate "2018.10.10"]
[SourceQuality "1"]

1. e4 e6 2. d4 d5 3. exd5 exd5 4. Nf3 Bd6 5. Be3 Ne7 6. Bd3 Bf5 7. 0-0 Bxd3 8. Qxd3 0-0 9. Nc3 c6 10. Ne2 Ng6 11. g3 Nd7 12. c4 Nf6 13. Bg5 h6 14. Bd2 Qd7 15. Kg2 Rfe8 16. Neg1 Re7 17. Rfe1 Rae8 18. Rxe7 Rxe7 19. h3 Ne4 20. Be3 Re8 21. Re1 h5 22. cxd5 cxd5 23. Ne2 h4 24. gxh4 f6 25. h5 Ne7 26. Ng3 Nf5 27. Nxf5 Qxf5 28. Ng1 Qxh5 29. Qe2 Qg6+ 30. Qg4 Qxg4+ 31. hxg4 Rc8 32. f3 Ng5 33. Re2 Re8 34. Bxg5 Rxe2+ 35. Nxe2 fxg5 36. Nc3 Bf4 37. Kf2 Bc1 38. Nxd5 Bxb2 39. Ke3 Kf7 40. Ke4 g6 41. Nc7 a6 42. Kd5 Ba3 43. Ne6 Be7 44. a4 b5 45. axb5 axb5 46. Nc7 b4 47. Kc4 Bd6 48. Nd5 Ke6 49. Nxb4 Bf4 50. Nd3 Bb8 51. Nf2 Bd6 52. Ne4 Be7 53. Nc5+ Kf6 54. Kd5 Bd8 55. Kd6 Kf7 56. Kd7 Bb6 57. Ne6 Kf6 58. Nc5 Ba5 59. Ne4+ Kg7 60. Ke6 Bc7 61. d5 Bb8 62. d6 Bxd6 63. Nxd6 1-0

[Event "Reykjavik Congress"]
[Site "Reykjavik"]
[Date "2018.01.31"]
[Round "7"]
[White "Gudmundsson, Thordur"]
[Black "Baldursson, Haraldur"]
[Result "0-1"]
[WhiteElo "1565"]
[BlackElo "1942"]
[PlyCount "82"]
[EventDate "2018.01.10"]
[EventType "swiss"]
[EventRounds "9"]
[EventCountry "ISL"]
[SourceTitle "CBM 182 Extra"]
[Source "ChessBase"]
[SourceDate "2018.02.23"]
[SourceVersion "1"]
[SourceVersionDate "2018.02.23"]
[SourceQuality "1"]

1. e4 c5 2. Nc3 d6 3. f4 Nc6 4. Nf3 Nf6 5. Bc4 e6 6. 0-0 Be7 7. d3 0-0 8. a3 a6 9. Qe1 b5 10. Bb3 Bb7 11. Qg3 Kh8 12. f5 exf5 13. Ng5 Ne5 14. Qh3 c4 15. Ba2 h6 16. d4 Qb6 17. Kh1 Neg4 18. Ne2 Nxe4 19. Nxe4 Bxe4 20. c3 Qc6 21. Ng3 Bd3 22. Nxf5 Bxf1 23. Qxg4 Bf6 24. Bxh6 Qxg2+ 25. Qxg2 Bxg2+ 26. Kxg2 gxh6 27. Nxh6 Rae8 28. Kf3 Re6 29. Ng4 Rfe8 30. Rg1 Bg7 31. Bb1 Re1 32. Rxe1 Rxe1 33. Bf5 Rf1+ 34. Nf2 Bh6 35. Ke2 Ra1 36. Bc8 Bc1 37. Bxa6 Bxb2 38. Nd1 Bxc3 39. Nxc3 Rxa3 40. Bxb5 Rxc3 41. Kd2 Rd3+ 0-1